000 00650cab a2200181 4500
001 L135846
008 061213n2006 000 0 eng u
035 _a(Sirsi) u135846
041 0 _aeng
100 1 _aTaylor, Adam
245 0 0 _aAre we being served?
260 _c2006
490 0 _aLaw Society's Gazette
_v103(43) 09 November 2006, 33(1)
520 _aExamines the legal implications of the Civil Procedure Rules 1998 Rule 6.5 which makes it possible to be served with a summons without being aware of it.
650 2 4 _aCIVIL PROCEDURE RULES 1998 RULE 6.5
690 _aMANAGEMENT-DISPUTE AVOIDANCE, MANAGEMENT AND RESOLUTION
942 _n0
999 _c78037
_d78037